Total Quality Management (Record no. 610973)
[ view plain ]
| 000 -LEADER | |
|---|---|
| fixed length control field | 00348nam a22001337a 4500 |
| 040 ## - CATALOGING SOURCE | |
| Transcribing agency | NUST |
| 082 ## - DEWEY DECIMAL CLASSIFICATION NUMBER | |
| Classification number | 658.562 |
| Author Mark | RAO |
| 100 ## - MAIN ENTRY--PERSONAL NAME | |
| Personal name | V. Venkateswara Rao |
| 9 (RLIN) | 125194 |
| 110 ## - MAIN ENTRY--CORPORATE NAME | |
| Corporate name or jurisdiction name as entry element | Basanta Kumar |
| 9 (RLIN) | 125195 |
| 245 ## - TITLE STATEMENT | |
| Title | Total Quality Management |
| 260 ## - PUBLICATION, DISTRIBUTION, ETC. | |
| Place of publication, distribution, etc. | India: |
| Name of publisher, distributor, etc. | Mohit Publications, |
| Date of publication, distribution, etc. | 2001. |
| 650 ## - SUBJECT ADDED ENTRY--TOPICAL TERM | |
| Source of heading or term | Total Quality Management |
| 942 ## - ADDED ENTRY ELEMENTS (KOHA) | |
| Source of classification or shelving scheme | |
| Koha item type | Book |
| Withdrawn status | Lost status | Source of classification or shelving scheme | Damaged status | Not for loan | Permanent Location | Current Location | Shelving location | Date acquired | Full call number | Barcode | Date last seen | Price effective from | Koha item type | Public note |
|---|---|---|---|---|---|---|---|---|---|---|---|---|---|---|
| College of Electrical & Mechanical Engineering (CEME) | College of Electrical & Mechanical Engineering (CEME) | General Stacks | 08/19/2024 | 658.562 RAO | CEME-36153 | 08/19/2024 | 08/19/2024 | Book | 1.6 |
